Применение бассейнового моделирования для Талдыкудукского участка Карагандинского угольного бассейна; Проблемы геологии и освоения недр; Т. 1

ग्रंथसूची विवरण
Parent link:Проблемы геологии и освоения недр: труды XXIII Международного симпозиума имени академика М. А. Усова студентов и молодых ученых, посвященного 120-летию со дня рождения академика К. И. Сатпаева, 120-летию со дня рождения профессора К. В. Радугина, Томск, 8-12 апреля 2019 г./ Национальный исследовательский Томский политехнический университет, Инженерная школа природных ресурсов ; гл. ред. А. С. Боев ; под ред. Е. Ю. Пасечник.— , 2019
Т. 1.— 2019.— [С. 155-158]
मुख्य लेखक: Кабирова С. В.
निगमित लेखक: Национальный исследовательский Томский политехнический университет Инженерная школа природных ресурсов Отделение геологии
अन्य लेखक: Ворошилов В. Г. Валерий Гаврилович (научный руководитель)
सारांश:Заглавие с экрана
भाषा:रूसी
प्रकाशित: 2019
श्रृंखला:Месторождения полезных ископаемых. Современные технологии и методы поисков и разведки МПИ. Геоинформационные системы в геологии
विषय:
ऑनलाइन पहुंच:http://earchive.tpu.ru/handle/11683/56071
स्वरूप: इलेक्ट्रोनिक पुस्तक अध्याय
KOHA link:https://koha.lib.tpu.ru/cgi-bin/koha/opac-detail.pl?biblionumber=629807

MARC

LEADER 00000naa2a2200000 4500
001 629807
005 20240118104722.0
035 |a (RuTPU)RU\TPU\conf\30610 
035 |a RU\TPU\conf\30609 
090 |a 629807 
100 |a 20191001d2019 k y0rusy50 ca 
101 0 |a rus 
102 |a RU 
105 |a y z 100zy 
135 |a drgn ---uucaa 
181 0 |a i  
182 0 |a b 
200 1 |a Применение бассейнового моделирования для Талдыкудукского участка Карагандинского угольного бассейна  |f С. В. Кабирова, В. Г. Ворошилов  |g науч. рук. В. Г. Ворошилов 
203 |a Текст  |c электронный 
225 1 |a Месторождения полезных ископаемых. Современные технологии и методы поисков и разведки МПИ. Геоинформационные системы в геологии 
300 |a Заглавие с экрана 
320 |a [Библиогр.: с. 158 (7 назв.)] 
461 1 |0 (RuTPU)RU\TPU\conf\30471  |t Проблемы геологии и освоения недр  |o труды XXIII Международного симпозиума имени академика М. А. Усова студентов и молодых ученых, посвященного 120-летию со дня рождения академика К. И. Сатпаева, 120-летию со дня рождения профессора К. В. Радугина, Томск, 8-12 апреля 2019 г.  |o в 2 т.  |f Национальный исследовательский Томский политехнический университет, Инженерная школа природных ресурсов ; гл. ред. А. С. Боев ; под ред. Е. Ю. Пасечник  |d 2019 
463 1 |0 (RuTPU)RU\TPU\conf\30473  |t Т. 1  |v [С. 155-158]  |d 2019 
610 1 |a труды учёных ТПУ 
610 1 |a электронный ресурс 
610 1 |a бассейновое моделирование 
610 1 |a Карагандинский бассейн 
610 1 |a угольные бассейны 
610 1 |a осадочные бассейны 
610 1 |a угольный метан 
700 1 |a Кабирова  |b С. В. 
701 1 |a Ворошилов  |b В. Г.  |c геолог  |c профессор Томского политехнического университета, доктор геолого-минералогических наук  |f 1952-  |g Валерий Гаврилович  |3 (RuTPU)RU\TPU\pers\26072  |9 11910 
702 1 |a Ворошилов  |b В. Г.  |c геолог  |c профессор Томского политехнического университета, доктор геолого-минералогических наук  |f 1952-  |g Валерий Гаврилович  |4 727 
712 0 2 |a Национальный исследовательский Томский политехнический университет  |b Инженерная школа природных ресурсов  |b Отделение геологии  |3 (RuTPU)RU\TPU\col\23542 
801 2 |a RU  |b 63413507  |c 20191010  |g RCR 
856 4 |u http://earchive.tpu.ru/handle/11683/56071 
942 |c BK